| 000 | 01171cem a2200373 a 4500 | ||
|---|---|---|---|
| 001 | 5573878 | ||
| 003 | OSt | ||
| 005 | 20240512152257.0 | ||
| 007 | ad|canzn | ||
| 008 | 990507s1999 dcu br e 0 eng | ||
| 010 | _a 99438836 | ||
| 020 | _a0821343777 | ||
| 034 | 0 | _aa | |
| 040 |
_aDLC _cDLC _dDLC |
||
| 041 | 0 | _aengfrespa | |
| 050 | 0 | 0 |
_aG1046.G1 _bW6 1999 |
| 052 | _a3201 | ||
| 072 | 7 |
_aG1 _2lcg |
|
| 072 | 7 |
_aE2 _2lcg |
|
| 082 | 0 | 0 |
_a339.3/1/0223 _221 |
| 110 | 2 | _aWorld Bank. | |
| 245 | 1 | 0 | _aWorld Bank atlas, 1999. |
| 250 | _a[31st ed.]. | ||
| 255 |
_aScale not given ; _bRobinson proj. |
||
| 260 |
_aWashington, D.C. : _bWorld Bank, _cc1999. |
||
| 300 |
_a1 atlas (63 p.) : _bcol ill., col. maps ; _c22 x 28 cm. |
||
| 500 | _aShows the fundamental development topics of people, environment, economy and states, markets, and global links. | ||
| 546 | _aEnglish, French, Spanish. | ||
| 650 | 0 |
_aGross national product _vMaps. _9122592 |
|
| 650 | 0 |
_aPopulation _vStatistics _vMaps. _9122593 |
|
| 906 |
_a7 _bcbc _corigcop _du _encip _f19 _gy-geogmaps |
||
| 942 |
_2ddc _cBK |
||
| 999 |
_c3342 _d3342 |
||